000 00371nam a22001571a 4500
020 _a9788186311639
082 _aH2
_bAJA/D
100 _aAjay Shukla
245 _aDoosara adhyaya/
_cby Ajay Shukla
260 _aNew Delhi:
_bPrakashan Samsthan,
_c1997.
300 _a64p.
650 _aDrama Hindi
650 _aLiterature Hindi
650 _aLiterature
942 _cBK
999 _c11251
_d11251